[Event "2.Open B Città di Padova Elo <1900"]
[Site "Padova Caffè Pedrocchi"]
[Date "1999.12.11"]
[Round "1.28"]
[White "Litrico, Paolo"]
[Black "Borgato, Alessandro"]
[Result "0-1"]
[WhiteElo "1684"]
[BlackElo "1494"]
[Annotator "Gabriele Ballarin"]
[PlyCount "61"]
[EventDate "1999.12.11"]
[EventType "swiss"]
[EventRounds "6"]
[EventCountry "ITA"]
[SourceTitle "Ballarin Gabriele"]
[Source "Ballarin Gabrie"]
[SourceDate "2001.01.01"]
[SourceVersion "1"]
[SourceVersionDate "2001.01.01"]
[SourceQuality "1"]

1. d4 d5 2. c4 Nf6 3. Bg5 Ne4 4. Bf4 c5 5. dxc5 Qa5+ 6. Bd2 Qxc5 7. e3 g6 8. Bc3 Nxc3 9. Nxc3 Bg7 10. Qxd5 Bxc3+ 11. bxc3 Qxd5 12. cxd5 O-O 13. Nf3 Nd7 14. Be2 b6 15. O-O Bb7 16. c4 b5 17. cxb5 Bxd5 18. Rfd1 Nb6 19. Nd4 Rac8 20. Bf3 Bxf3 21. Nxf3 Rc5 22. a4 Rfc8 23. Nd4 e6 24. Nc6 Kg7 25. Nxa7 Ra8 26. Nc6 Rxa4 27. Rxa4 Nxa4 28. Na7 Nc3 29. b6 Nxd1 30. b7 Rc1 31. g3 0-1

[Event "2.Open B Città di Padova Elo <1900"]
[Site "Padova Caffè Pedrocchi"]
[Date "1999.12.11"]
[Round "1.29"]
[White "Boscolo, Ampelio"]
[Black "De Napoli, Giuseppe"]
[Result "1/2-1/2"]
[WhiteElo "1494"]
[BlackElo "1678"]
[Annotator "Gabriele Ballarin"]
[PlyCount "70"]
[EventDate "1999.12.11"]
[EventType "swiss"]
[EventRounds "6"]
[EventCountry "ITA"]
[SourceTitle "Ballarin Gabriele"]
[Source "Ballarin Gabrie"]
[SourceDate "2001.01.01"]
[SourceVersion "1"]
[SourceVersionDate "2001.01.01"]
[SourceQuality "1"]

{[%evp 0,69,18,12,18,-19,68,-16,-13,-3,5,0,6,6,7,-5,-7,-5,-5,-5,-6,-21,18,-23,-20,-42,-56,-58,-70,-65,-65,-75,-23,-89,-96,-78,-96,-76,111,114,134,141,152,121,215,137,127,11,17,38,36,0,0,0,0,0,0,0,29,9,-2,-4,-9,10,6,-33,0,47,36,47,0,0]} 1. Nf3 Nf6 2. d3 g6 3. b3 Bg7 4. Bb2 d6 5. e4 e5 6. Nbd2 Nbd7 7. Be2 O-O 8. O-O Nc5 9. a4 Bd7 10. c3 Ne6 11. Qc2 Nf4 12. Nc4 N6h5 13. Ne3 Nxe2+ 14. Qxe2 Nf4 15. Qc2 c5 16. d4 cxd4 17. cxd4 Rc8 18. Qd2 Qe7 19. dxe5 dxe5 20. Ba3 Qe6 21. Bxf8 Bxf8 22. Rfd1 Bc6 23. Nd5 Bxd5 24. exd5 Qg4 25. g3 Qxf3 26. gxf4 Qg4+ 27. Kh1 Qf3+ 28. Kg1 exf4 29. Qd3 Qg4+ 30. Kh1 f3 31. Rg1 Qf4 32. Rg3 Rc1+ 33. Rxc1 Qxc1+ 34. Rg1 Qf4 35. Rg3 Qc1+ 1/2-1/2

[Event "2.Open B Città di Padova Elo <1900"]
[Site "Padova Caffè Pedrocchi"]
[Date "1999.12.11"]
[Round "1.30"]
[White "Bartolozzi, Danilo"]
[Black "Marcuzzo, Giorgio"]
[Result "1-0"]
[WhiteElo "1672"]
[BlackElo "1492"]
[Annotator "Gabriele Ballarin"]
[PlyCount "62"]
[EventDate "1999.12.11"]
[EventType "swiss"]
[EventRounds "6"]
[EventCountry "ITA"]
[SourceTitle "Ballarin Gabriele"]
[Source "Ballarin Gabrie"]
[SourceDate "2001.01.01"]
[SourceVersion "1"]
[SourceVersionDate "2001.01.01"]
[SourceQuality "1"]

{[%evp 0,59,24,27,70,70,64,73,62,65,58,53,49,34,65,48,43,50,64,65,91,82,92,66,50,39,45,35,86,75,68,46,55,31,26,31,57,39,48,14,45,-42,-45,-40,-53,-37,-39,-60,3,-61,106,13,21,6,26,50,46,-5,467,595,606,608]} 1. e4 d6 2. d4 Nf6 3. Nc3 Nbd7 4. Nf3 e5 5. Be3 Be7 6. h3 h6 7. Be2 c6 8. a4 Qc7 9. O-O g5 10. Nh2 Nf8 11. Rb1 Ne6 12. d5 Nf4 13. Ng4 Qd8 14. Nxf6+ Bxf6 15. Bxf4 gxf4 16. Bg4 Rg8 17. Bxc8 Qxc8 18. Qf3 Qd7 19. Rfd1 O-O-O 20. Kf1 Rg6 21. Ke2 Rdg8 22. Rg1 Bd8 23. b4 Bb6 24. a5 Rg3 25. fxg3 Bxg1 26. gxf4 Bh2 27. g4 Bxf4 28. b5 h5 29. bxc6 bxc6 30. Qd3 Rxg4 31. hxg4 Qxg4+ {Nur} 1-0

[Event "2.Open B Città di Padova Elo <1900"]
[Site "Padova Caffè Pedrocchi"]
[Date "1999.12.11"]
[Round "1.31"]
[White "Catti, Patrick"]
[Black "Capata, Ion"]
[Result "0-1"]
[WhiteElo "1491"]
[BlackElo "1666"]
[Annotator "Gabriele Ballarin"]
[PlyCount "76"]
[EventDate "1999.12.11"]
[EventType "swiss"]
[EventRounds "6"]
[EventCountry "ITA"]
[SourceTitle "Ballarin Gabriele"]
[Source "Ballarin Gabrie"]
[SourceDate "2001.01.01"]
[SourceVersion "1"]
[SourceVersionDate "2001.01.01"]
[SourceQuality "1"]

1. d4 d5 2. Nc3 Nf6 3. h3 e6 4. a3 c5 5. Nf3 Nc6 6. e3 Bd6 7. Be2 O-O 8. dxc5 Bxc5 9. b4 Bd6 10. Bb2 a5 11. b5 Ne5 12. Nxe5 Bxe5 13. f4 Bxc3+ 14. Bxc3 Ne4 15. Qd4 Qh4+ 16. Kd1 Qg3 17. Rf1 Qxg2 18. Bd3 f6 19. Kc1 Bd7 20. a4 Rfc8 21. Ra3 Qxh3 22. f5 Rxc3 23. Rxc3 Nxc3 24. Qxc3 Qxe3+ 25. Kb2 Qe5 26. Qxe5 fxe5 27. fxe6 Bxe6 28. c3 e4 29. Be2 Rf8 30. Re1 Rf2 31. Kc1 g5 32. Kd2 Bg4 33. Ke3 Rxe2+ 34. Rxe2 Bxe2 35. Kxe2 Kf7 36. Kf2 Ke6 37. Ke3 Ke5 38. Kf2 h5 0-1

[Event "2.Open B Città di Padova Elo <1900"]
[Site "Padova Caffè Pedrocchi"]
[Date "1999.12.11"]
[Round "1.32"]
[White "Di Giacomo, Antonio"]
[Black "Aguggiaro, Renzo"]
[Result "1-0"]
[WhiteElo "1666"]
[BlackElo "1489"]
[Annotator "Gabriele Ballarin"]
[PlyCount "75"]
[EventDate "1999.12.11"]
[EventType "swiss"]
[EventRounds "6"]
[EventCountry "ITA"]
[SourceTitle "Ballarin Gabriele"]
[Source "Ballarin Gabrie"]
[SourceDate "2001.01.01"]
[SourceVersion "1"]
[SourceVersionDate "2001.01.01"]
[SourceQuality "1"]

1. e4 c5 2. Nf3 Nc6 3. d4 cxd4 4. Nxd4 Nf6 5. Nc3 d6 6. Be2 g6 7. O-O Bg7 8. Be3 O-O 9. Qd2 Ng4 10. Bxg4 Bxg4 11. f3 Bd7 12. Rad1 a6 13. Nd5 Ne5 14. b3 b5 15. Bg5 f6 16. Be3 Rc8 17. h3 Kh8 18. f4 Nf7 19. Nf3 f5 20. e5 e6 21. Bb6 Qe8 22. Nc7 Rxc7 23. Bxc7 d5 24. c4 Qc8 25. Bb6 bxc4 26. bxc4 Qxc4 27. Rc1 Qb5 28. Rb1 Qc6 29. Rfc1 Qa8 30. Rc7 Bb5 31. Nd4 Qb8 32. Ba5 Nxe5 33. fxe5 Bxe5 34. Nxe6 Bxc7 35. Bxc7 Qa7+ 36. Kh1 Rf7 37. Qxd5 Rxc7 38. Qd8+ 1-0

[Event "2.Open B Città di Padova Elo <1900"]
[Site "Padova Caffè Pedrocchi"]
[Date "1999.12.11"]
[Round "1.33"]
[White "Pietrobon, Gabriele"]
[Black "Popovic, Dragan"]
[Result "1-0"]
[WhiteElo "1485"]
[BlackElo "1665"]
[Annotator "Gabriele Ballarin"]
[PlyCount "93"]
[EventDate "1999.12.11"]
[EventType "swiss"]
[EventRounds "6"]
[EventCountry "ITA"]
[SourceTitle "Ballarin Gabriele"]
[Source "Ballarin Gabrie"]
[SourceDate "2001.01.01"]
[SourceVersion "1"]
[SourceVersionDate "2001.01.01"]
[SourceQuality "1"]

1. e4 e5 2. Nf3 Nc6 3. Bc4 Nd4 4. Nxd4 exd4 5. d3 d6 6. Nd2 Be6 7. Bxe6 fxe6 8. Qh5+ g6 9. Qb5+ Kf7 10. Nf3 h6 11. Nxd4 Bg7 12. Be3 Rb8 13. O-O-O c5 14. Ne2 a6 15. Qb3 b5 16. c3 Ne7 17. f4 a5 18. f5 gxf5 19. exf5 Nxf5 20. Rhf1 Ke7 21. Nf4 Qd7 22. Rde1 a4 23. Qxe6+ Qxe6 24. Nxe6 Kxe6 25. Bxc5+ Kf6 26. Bxd6 Kg6 27. Bxb8 Rxb8 28. g4 Nh4 29. Re6+ Kg5 30. Rf7 Bh8 31. h3 b4 32. d4 bxc3 33. bxc3 Rc8 34. Kd2 Rb8 35. Kc2 a3 36. d5 Rd8 37. d6 h5 38. d7 hxg4 39. hxg4 Rb8 40. Re8 Rb2+ 41. Kd3 Bf6 42. Rxf6 Kxf6 43. d8=Q+ Kg6 44. Qxh4 Kf7 45. Qh5+ Kg7 46. Re6 Kf8 47. Qf5+ 1-0

[Event "2.Open B Città di Padova Elo <1900"]
[Site "Padova Caffè Pedrocchi"]
[Date "1999.12.11"]
[Round "1.34"]
[White "Guastadini, Paolo"]
[Black "Sedani, Elisa"]
[Result "1-0"]
[WhiteElo "1648"]
[BlackElo "1479"]
[Annotator "Gabriele Ballarin"]
[PlyCount "57"]
[EventDate "1999.12.11"]
[EventType "swiss"]
[EventRounds "6"]
[EventCountry "ITA"]
[SourceTitle "Ballarin Gabriele"]
[Source "Ballarin Gabrie"]
[SourceDate "2001.01.01"]
[SourceVersion "1"]
[SourceVersionDate "2001.01.01"]
[SourceQuality "1"]

1. d4 Nf6 2. Nf3 g6 3. Bg5 Bg7 4. e3 d6 5. h3 O-O 6. Be2 Nbd7 7. O-O Qe8 8. c3 e5 9. Na3 e4 10. Nd2 h6 11. Bf4 Nb6 12. c4 c6 13. Bxd6 Qd8 14. Bxf8 Bxf8 15. Qc2 Qe7 16. Rfe1 h5 17. Bf1 Bf5 18. Rac1 Nh7 19. Nab1 g5 20. Nc3 h4 21. c5 Nd7 22. Nc4 Qf6 23. Nd6 Bxd6 24. cxd6 Qg6 25. g4 hxg3 26. fxg3 Kg7 27. Bg2 Nhf6 28. g4 Be6 29. Nxe4 1-0

[Event "2.Open B Città di Padova Elo <1900"]
[Site "Padova Caffè Pedrocchi"]
[Date "1999.12.11"]
[Round "1.35"]
[White "Pedrollo, Cristian"]
[Black "Marson, Luca"]
[Result "1/2-1/2"]
[WhiteElo "1474"]
[BlackElo "1648"]
[Annotator "Gabriele Ballarin"]
[PlyCount "47"]
[EventDate "1999.12.11"]
[EventType "swiss"]
[EventRounds "6"]
[EventCountry "ITA"]
[SourceTitle "Ballarin Gabriele"]
[Source "Ballarin Gabrie"]
[SourceDate "2001.01.01"]
[SourceVersion "1"]
[SourceVersionDate "2001.01.01"]
[SourceQuality "1"]

1. d4 Nf6 2. c4 e6 3. Nc3 Bb4 4. Bg5 h6 5. Bh4 d5 6. e3 Nc6 7. Bd3 b6 8. cxd5 Qxd5 9. Qf3 Bb7 10. Qxd5 Nxd5 11. Nge2 g5 12. Bg3 O-O-O 13. O-O h5 14. Nxd5 exd5 15. f3 Rde8 16. e4 h4 17. Bf2 Nd8 18. e5 Ne6 19. a3 Be7 20. Rac1 Kb8 21. Rc2 f6 22. exf6 Bxf6 23. Rfc1 Bd8 24. Bf5 1/2-1/2

[Event "2.Open B Città di Padova Elo <1900"]
[Site "Padova Caffè Pedrocchi"]
[Date "1999.12.11"]
[Round "1.37"]
[White "Ciech, Elio"]
[Black "Conz, Flavio"]
[Result "0-1"]
[WhiteElo "1462"]
[BlackElo "1633"]
[Annotator "Gabriele Ballarin"]
[PlyCount "80"]
[EventDate "1999.12.11"]
[EventType "swiss"]
[EventRounds "6"]
[EventCountry "ITA"]
[SourceTitle "Ballarin Gabriele"]
[Source "Ballarin Gabrie"]
[SourceDate "2001.01.01"]
[SourceVersion "1"]
[SourceVersionDate "2001.01.01"]
[SourceQuality "1"]

1. e4 e6 2. d4 d5 3. exd5 exd5 4. Nf3 Bg4 5. Be2 Nf6 6. Bg5 Bd6 7. O-O O-O 8. Nbd2 c6 9. c4 Nbd7 10. c5 Bc7 11. h3 Bh5 12. b4 Qb8 13. Re1 h6 14. Be3 Re8 15. a4 Re6 16. b5 Qe8 17. a5 Rxe3 18. fxe3 Qxe3+ 19. Kh1 Bxf3 20. Bxf3 Qxd4 21. Nb3 Qf4 22. Kg1 Qh2+ 23. Kf1 Bg3 24. Re7 Kf8 25. Re3 Ne5 26. Ke2 Nxf3 27. Kxf3 Bf4 28. Qe1 Bxe3 29. Qxe3 Re8 30. Qf4 Qxf4+ 31. Kxf4 Re4+ 32. Kf3 Rb4 33. bxc6 Rxb3+ 34. Kf4 bxc6 35. Ke5 Ne4 36. h4 Ke7 37. Kd4 Rb4+ 38. Ke5 Nxc5 39. Ra3 g6 40. Rf3 Nd7# 0-1

[Event "2.Open B Città di Padova Elo <1900"]
[Site "Padova Caffè Pedrocchi"]
[Date "1999.12.11"]
[Round "1.38"]
[White "Roccaro, Giovanni"]
[Black "Logallo, Claudio"]
[Result "0-1"]
[WhiteElo "1630"]
[BlackElo "1600"]
[Annotator "Gabriele Ballarin"]
[PlyCount "36"]
[EventDate "1999.12.11"]
[EventType "swiss"]
[EventRounds "6"]
[EventCountry "ITA"]
[SourceTitle "Ballarin Gabriele"]
[Source "Ballarin Gabrie"]
[SourceDate "2001.01.01"]
[SourceVersion "1"]
[SourceVersionDate "2001.01.01"]
[SourceQuality "1"]

1. d4 d5 2. Nf3 Nf6 3. e3 Bf5 4. Nbd2 e6 5. Be2 Be7 6. b3 Nbd7 7. Bb2 O-O 8. Ne5 c5 9. c4 cxd4 10. exd4 Nxe5 11. dxe5 Ne4 12. a3 Qb6 13. O-O Nxd2 14. Qxd2 Qxb3 15. Rfc1 Rfd8 16. Bd1 Qb6 17. Bd4 Bc5 18. Rab1 Bxb1 0-1

[Event "2.Open B Città di Padova Elo <1900"]
[Site "Padova Caffè Pedrocchi"]
[Date "1999.12.11"]
[Round "1.39"]
[White "Alburno, Franco"]
[Black "Morganti, Lionello"]
[Result "0-1"]
[WhiteElo "1438"]
[BlackElo "1624"]
[Annotator "Gabriele Ballarin"]
[PlyCount "68"]
[EventDate "1999.12.11"]
[EventType "swiss"]
[EventRounds "6"]
[EventCountry "ITA"]
[SourceTitle "Ballarin Gabriele"]
[Source "Ballarin Gabrie"]
[SourceDate "2001.01.01"]
[SourceVersion "1"]
[SourceVersionDate "2001.01.01"]
[SourceQuality "1"]

1. e4 d6 2. d4 Nf6 3. Nc3 g6 4. f3 Bg7 5. Be3 O-O 6. Qd2 Nc6 7. Bc4 e5 8. d5 Ne7 9. g4 Ne8 10. h4 f5 11. gxf5 gxf5 12. Bh6 Bxh6 13. Qxh6 Rf6 14. Qd2 f4 15. O-O-O Ng7 16. Nh3 Bxh3 17. Rxh3 Nh5 18. Qf2 h6 19. Ne2 Qd7 20. Rh2 a6 21. Rg1+ Kh7 22. Rhg2 Rg6 23. Rg5 Rag8 24. Rxg6 Rxg6 25. Bd3 Rxg1+ 26. Nxg1 Ng3 27. Bf1 Nxf1 28. Qxf1 c5 29. Qg2 Ng8 30. Qg4 Qxg4 31. fxg4 Nf6 32. g5 hxg5 33. hxg5 Nxe4 34. Nf3 Kg6 0-1

[Event "2.Open B Città di Padova Elo <1900"]
[Site "Padova Caffè Pedrocchi"]
[Date "1999.12.11"]
[Round "1.40"]
[White "Ballarin, Gabriele"]
[Black "Tresin, Ardilio"]
[Result "0-1"]
[WhiteElo "1621"]
[BlackElo "1380"]
[Annotator "Gabriele Ballarin"]
[PlyCount "120"]
[EventDate "1999.12.11"]
[EventType "swiss"]
[EventRounds "6"]
[EventCountry "ITA"]
[SourceTitle "Ballarin Gabriele"]
[Source "Ballarin Gabrie"]
[SourceDate "2001.01.01"]
[SourceVersion "1"]
[SourceVersionDate "2001.01.01"]
[SourceQuality "1"]

1. e4 e5 2. Bc4 Bc5 3. Nc3 Nc6 4. d3 d6 5. Na4 Bb6 6. Nxb6 axb6 7. f4 Be6 8. Bb5 Bd7 9. c3 Nf6 10. Nf3 Qe7 11. O-O O-O 12. f5 d5 13. Bxc6 bxc6 14. Bg5 Qd6 15. Qc2 c5 16. b3 Bb5 17. c4 dxc4 18. dxc4 Bc6 19. Bxf6 Qxf6 20. a4 Rfd8 21. Rad1 Qe7 22. Rfe1 f6 23. Nd2 Rd4 24. Nb1 Rad8 25. Nc3 Rxd1 26. Rxd1 Rxd1+ 27. Qxd1 Qd6 28. Qxd6 cxd6 29. Nd5 Bxd5 30. cxd5 g6 31. g4 g5 32. Kf2 h5 33. h3 hxg4 34. hxg4 Kf7 35. Ke3 Ke7 36. Kd3 Kd7 37. Kc4 Kc7 38. Kb5 Kb7 39. b4 cxb4 40. Kxb4 Ka6 41. Kc4 Ka5 42. Kb3 b5 43. axb5 Kxb5 44. Kc3 Kc5 45. Kd3 Kb4 46. Kd2 Kc4 47. Ke3 Kc3 48. Kf2 Kd2 49. Kf3 Kd3 50. Kf2 Kxe4 51. Ke2 Kxd5 52. Kd3 e4+ 53. Ke3 Ke5 54. Kd2 Kf4 55. Ke2 d5 56. Kf2 d4 57. Ke2 d3+ 58. Kd2 Kf3 59. Ke1 e3 60. Kf1 d2 0-1

[Event "2.Open B Città di Padova Elo <1900"]
[Site "Padova Caffè Pedrocchi"]
[Date "1999.12.11"]
[Round "1.41"]
[White "Spinoso, Giovanni"]
[Black "Molena, Paolo"]
[Result "1-0"]
[WhiteElo "1500"]
[BlackElo "1477"]
[Annotator "Gabriele Ballarin"]
[PlyCount "119"]
[EventDate "1999.12.11"]
[EventType "swiss"]
[EventRounds "6"]
[EventCountry "ITA"]
[SourceTitle "Ballarin Gabriele"]
[Source "Ballarin Gabrie"]
[SourceDate "2001.01.01"]
[SourceVersion "1"]
[SourceVersionDate "2001.01.01"]
[SourceQuality "1"]

1. e4 e5 2. Nf3 Nc6 3. Bb5 d6 4. d4 a6 5. Bxc6+ bxc6 6. dxe5 Bg4 7. Bf4 dxe5 8. Qxd8+ Rxd8 9. Bxe5 Bxf3 10. gxf3 Rd7 11. Nd2 f6 12. Bc3 Bd6 13. h3 Ne7 14. Rg1 Ng6 15. Nc4 Bc5 16. Na5 Nh4 17. Ke2 Ng6 18. Bd2 Bxf2 19. Rgd1 Bb6 20. Nxc6 Rd6 21. Nb4 Ba5 22. Nd3 Bxd2 23. Rxd2 O-O 24. Rad1 Rfd8 25. a4 a5 26. b3 Rc6 27. f4 Rc3 28. f5 Ne5 29. Nxe5 Rxd2+ 30. Rxd2 fxe5 31. h4 Kf7 32. Rd7+ Kf6 33. Kd2 Rh3 34. Rxc7 Rxh4 35. Rc6+ Kg5 36. Rc4 h5 37. b4 Rh2+ 38. Kc1 h4 39. b5 h3 40. b6 Rh1+ 41. Kb2 h2 42. b7 Rb1+ 43. Kxb1 h1=Q+ 44. Kb2 Qf1 45. Rc7 Qf2 46. b8=Q Qd4+ 47. Kb3 Qxe4 48. Rxg7+ Kf4 49. f6 Qd5+ 50. Ka3 Qc5+ 51. Ka2 Qxc2+ 52. Qb2 Qxa4+ 53. Kb1 Qe4+ 54. Kc1 Qe1+ 55. Kc2 Qe2+ 56. Kc3 Qe3+ 57. Kc4 Qe4+ 58. Kc5 Qe3+ 59. Kd6 Qd3+ 60. Ke7 1-0

[Event "2.Open B Città di Padova Elo <1900"]
[Site "Padova Caffè Pedrocchi"]
[Date "1999.12.12"]
[Round "2.1"]
[White "Carini, Massimo"]
[Black "Marangoni, Simone"]
[Result "1-0"]
[WhiteElo "1890"]
[BlackElo "1690"]
[Annotator "Gabriele Ballarin"]
[PlyCount "61"]
[EventDate "1999.12.11"]
[EventType "swiss"]
[EventRounds "6"]
[EventCountry "ITA"]
[SourceTitle "Ballarin Gabriele"]
[Source "Ballarin Gabrie"]
[SourceDate "2001.01.01"]
[SourceVersion "1"]
[SourceVersionDate "2001.01.01"]
[SourceQuality "1"]

1. e4 d6 2. d4 Nf6 3. Nc3 g6 4. h3 Bg7 5. Be3 O-O 6. f4 c6 7. Qf3 d5 8. e5 Ne8 9. Bd3 f6 10. exf6 Nxf6 11. g4 Na6 12. a3 b5 13. Nce2 Nc7 14. c3 e6 15. Ng3 Qe7 16. g5 Nfe8 17. Qe2 Nd6 18. Nf3 Nf5 19. Nxf5 exf5 20. Ne5 Bxe5 21. dxe5 Ne6 22. h4 Ng7 23. Qf2 Rf7 24. Be2 Ne6 25. h5 Nf8 26. Bc5 Qe6 27. Qh2 Nd7 28. hxg6 Qxg6 29. Bh5 Qg7 30. Bxf7+ Kxf7 31. e6+ 1-0

[Event "2.Open B Città di Padova Elo <1900"]
[Site "Padova Caffè Pedrocchi"]
[Date "1999.12.12"]
[Round "2.2"]
[White "Favero, Graziano"]
[Black "Boscolo, Fabio"]
[Result "0-1"]
[WhiteElo "1696"]
[BlackElo "1873"]
[Annotator "Gabriele Ballarin"]
[PlyCount "80"]
[EventDate "1999.12.11"]
[EventType "swiss"]
[EventRounds "6"]
[EventCountry "ITA"]
[SourceTitle "Ballarin Gabriele"]
[Source "Ballarin Gabrie"]
[SourceDate "2001.01.01"]
[SourceVersion "1"]
[SourceVersionDate "2001.01.01"]
[SourceQuality "1"]

1. e4 Nc6 2. d4 d5 3. Nc3 dxe4 4. d5 Ne5 5. Qd4 Ng6 6. Bb5+ Bd7 7. Qa4 Nf6 8. Bg5 a6 9. Bxd7+ Qxd7 10. Qxd7+ Kxd7 11. O-O-O Rd8 12. Nge2 h6 13. Bxf6 exf6 14. Nxe4 Bb4 15. a3 Rhe8 16. Rd4 Bd6 17. Nxd6 Kxd6 18. Ng3 Kc5 19. Rhd1 Ne7 20. Ne4+ Kb6 21. c4 Nf5 22. c5+ Ka7 23. Rc4 b5 24. cxb6+ Kxb6 25. Rc6+ Ka7 26. Nc5 Rd6 27. b4 Rxc6 28. dxc6 Kb6 29. Rd2 a5 30. Rc2 axb4 31. axb4 Nd4 32. Rc4 Nxc6 33. Nd7+ Kb7 34. Nc5+ Ka7 35. Na4 Kb7 36. Nc5+ Kc8 37. Na6 Re6 38. b5 Ne5 39. Rxc7+ Kd8 40. Rc2 Rb6 0-1

[Event "2.Open B Città di Padova Elo <1900"]
[Site "Padova Caffè Pedrocchi"]
[Date "1999.12.12"]
[Round "2.3"]
[White "Guclu, Yaman"]
[Black "Negra, Massimiliano"]
[Result "0-1"]
[WhiteElo "1687"]
[BlackElo "1857"]
[Annotator "Gabriele Ballarin"]
[PlyCount "114"]
[EventDate "1999.12.11"]
[EventType "swiss"]
[EventRounds "6"]
[EventCountry "ITA"]
[SourceTitle "Ballarin Gabriele"]
[Source "Ballarin Gabrie"]
[SourceDate "2001.01.01"]
[SourceVersion "1"]
[SourceVersionDate "2001.01.01"]
[SourceQuality "1"]

{[%evp 0,114,18,27,51,46,56,-3,10,26,39,-9,38,-33,32,-25,19,6,66,34,54,54,61,15,14,8,-9,3,-9,-17,44,-10,-7,-3,-10,-1,57,61,75,4,18,-4,14,31,67,29,25,73,47,0,37,-14,14,-27,-35,-29,-37,-42,-42,-31,-42,-34,-35,-28,-24,-48,-37,-40,-28,-70,-70,-70,-68,-56,54,47,48,19,5,0,-1,-30,0,-80,-92,-99,-84,-165,-153,-160,-61,-65,-55,-170,-164,-145,-150,-163,-168,-193,-79,-85,-92,-98,-83,-154,-83,-84,-91,-115,-138,-124,-109,-117,-119,-142,-145]} 1. e4 c5 2. Nc3 Nc6 3. g3 e6 4. Bg2 Nf6 5. d3 a6 6. a4 Be7 7. Nf3 d6 8. O-O Qa5 9. Bd2 Qb6 10. Re1 Qc7 11. Ne2 e5 12. c3 O-O 13. Qc2 Bd7 14. d4 Rac8 15. Rac1 cxd4 16. cxd4 Qb6 17. Bc3 exd4 18. Nexd4 Ne5 19. Nxe5 dxe5 20. Nf3 Bd6 21. a5 Qd8 22. Qd2 Qe7 23. Rcd1 Rc6 24. Re2 Bg4 25. Qe1 Qc7 26. Red2 Re8 27. h3 Be6 28. Bf1 Bb3 29. Ra1 Bc4 30. Bxc4 Rxc4 31. Re2 Qd7 32. Rd1 Qc6 33. Nd2 Ra4 34. b3 Ra2 35. Nc4 Rxe2 36. Qxe2 Bc7 37. f3 h6 38. Qe3 Qb5 39. Rb1 Rd8 40. g4 Nd7 41. g5 hxg5 42. Qxg5 f6 43. Qe3 Nc5 44. Na3 Rd3 45. Nxb5 Rxe3 46. Nxc7 Rxc3 47. b4 Nxe4 48. fxe4 Rxc7 49. b5 axb5 50. Rxb5 Kh7 51. Kg2 Kg6 52. Rb3 Kg5 53. Kg3 Rd7 54. Ra3 Rd4 55. Rb3 Rxe4 56. Rxb7 g6 57. a6 Re3+ {Nur} 0-1

[Event "2.Open B Città di Padova Elo <1900"]
[Site "Padova Caffè Pedrocchi"]
[Date "1999.12.12"]
[Round "2.4"]
[White "Avenali, Giuseppe"]
[Black "Bartolozzi, Danilo"]
[Result "1-0"]
[WhiteElo "1855"]
[BlackElo "1672"]
[Annotator "Gabriele Ballarin"]
[PlyCount "67"]
[EventDate "1999.12.11"]
[EventType "swiss"]
[EventRounds "6"]
[EventCountry "ITA"]
[SourceTitle "Ballarin Gabriele"]
[Source "Ballarin Gabrie"]
[SourceDate "2001.01.01"]
[SourceVersion "1"]
[SourceVersionDate "2001.01.01"]
[SourceQuality "1"]

1. e4 c5 2. Nc3 e6 3. g3 d5 4. d3 Nf6 5. Bg2 d4 6. Nce2 Nc6 7. f4 Be7 8. Nf3 O-O 9. O-O Qc7 10. h3 e5 11. f5 b5 12. g4 h6 13. Ng3 Nh7 14. h4 Qd8 15. Kf2 f6 16. Rh1 Bd7 17. Qe2 Be8 18. Bd2 Bf7 19. Rag1 a5 20. Bh3 c4 21. Nf1 c3 22. Bc1 cxb2 23. Bxb2 b4 24. Bc1 Kh8 25. g5 fxg5 26. hxg5 Bh5 27. Bg4 Bxg4 28. Rxg4 hxg5 29. Nxg5 Bxg5 30. Bxg5 Qd7 31. Rgh4 Rxf5+ 32. exf5 Qxf5+ 33. Qf3 Qxf3+ 34. Kxf3 1-0

[Event "2.Open B Città di Padova Elo <1900"]
[Site "Padova Caffè Pedrocchi"]
[Date "1999.12.12"]
[Round "2.5"]
[White "Capata, Ion"]
[Black "Zotti, Enrico"]
[Result "1-0"]
[WhiteElo "1666"]
[BlackElo "1839"]
[Annotator "Gabriele Ballarin"]
[PlyCount "121"]
[EventDate "1999.12.11"]
[EventType "swiss"]
[EventRounds "6"]
[EventCountry "ITA"]
[SourceTitle "Ballarin Gabriele"]
[Source "Ballarin Gabrie"]
[SourceDate "2001.01.01"]
[SourceVersion "1"]
[SourceVersionDate "2001.01.01"]
[SourceQuality "1"]

1. e4 c5 2. Nf3 d6 3. Bc4 Nf6 4. d3 g6 5. O-O Bg7 6. h3 O-O 7. Nc3 Nc6 8. Bg5 h6 9. Bf4 g5 10. Bd2 e6 11. Qc1 d5 12. Bb3 Ne7 13. h4 g4 14. Nh2 h5 15. Bh6 Ng6 16. Bxg7 Kxg7 17. Qg5 d4 18. Ne2 e5 19. f4 gxf3 20. Rxf3 Bg4 21. Nxg4 Nxg4 22. Qxh5 Ne3 23. Rg3 Qe7 24. Rxe3 dxe3 25. Ng3 Nxh4 26. Qxh4 Qxh4 27. Nf5+ Kg6 28. Nxh4+ Kg5 29. Nf5 Rh8 30. Nxe3 Rh4 31. Rf1 Rf4 32. Rxf4 exf4 33. Nc4 b6 34. Kf2 f6 35. Nd6 Kg4 36. Be6+ Kg5 37. Kf3 Rf8 38. Nf7+ Kg6 39. Kxf4 b5 40. Nd6 b4 41. Nc8 a5 42. Ne7+ Kg7 43. Nf5+ Kg6 44. Ne3 Rh8 45. Nc4 a4 46. Bd7 a3 47. bxa3 bxa3 48. Nxa3 Ra8 49. Nc4 Rxa2 50. Ne3 Ra1 51. Bf5+ Kg7 52. e5 fxe5+ 53. Kxe5 Re1 54. Ke4 Kf6 55. g4 Kg5 56. d4 cxd4 57. Kxd4 Rc1 58. c4 Rb1 59. Nd5 Rd1+ 60. Kc5 Rd2 61. Kd6 1-0

[Event "2.Open B Città di Padova Elo <1900"]
[Site "Padova Caffè Pedrocchi"]
[Date "1999.12.12"]
[Round "2.6"]
[White "Maccapan, Fabio"]
[Black "Di Giacomo, Antonio"]
[Result "1-0"]
[WhiteElo "1834"]
[BlackElo "1666"]
[Annotator "Gabriele Ballarin"]
[PlyCount "63"]
[EventDate "1999.12.11"]
[EventType "swiss"]
[EventRounds "6"]
[EventCountry "ITA"]
[SourceTitle "Ballarin Gabriele"]
[Source "Ballarin Gabrie"]
[SourceDate "2001.01.01"]
[SourceVersion "1"]
[SourceVersionDate "2001.01.01"]
[SourceQuality "1"]

1. e4 c5 2. Nf3 d6 3. d4 cxd4 4. Nxd4 Nc6 5. Nc3 Nf6 6. Bc4 a6 7. Bb3 Bd7 8. O-O e6 9. Be3 Be7 10. f4 O-O 11. Qe2 Qc7 12. Rad1 Rfd8 13. h3 Rac8 14. Nf3 Na5 15. e5 Nxb3 16. exf6 Bxf6 17. axb3 Bxc3 18. bxc3 Qxc3 19. Rf2 d5 20. Bd4 Qa5 21. Ne5 Qb4 22. Qg4 Qf8 23. Bb6 Bc6 24. Bxd8 Qxd8 25. Rdd2 Qa5 26. Kh2 Be8 27. Qg3 f6 28. Ng4 Bg6 29. Ne3 Be4 30. h4 e5 31. Nd1 d4 32. Qg4 {Nur} 1-0